Statistics for Gaelic boys names

Click here to take the quiz!

General Stats

  • This quiz has been taken 97 times
  • The average score is 11 of 21

Answer Stats

HintAnswer% Correct
MartainnMartin
90%
PadraigPatrick
90%
AnndraAndrew
79%
DomhnallDonald
73%
IainJohn
73%
DaibhaidhDavid
71%
UilleamWilliam
69%
AonghasAngus
68%
AileanAlan
67%
SeumasJames
67%
AlasdairAlexander
53%
CaileanColin
53%
SeorasGeorge
47%
FionnladhFinlay
38%
TearlachCharles
36%
MurchadhMurdo
32%
CalumMalcolm
31%
RuairidhRoderick
19%
DonnchadhDuncan
18%
TormodNorman
12%
EoghannEwen
6%

Score Distribution

Percentile by Number Answered

Percent of People with Each Score

Your Score History

You have not taken this quiz